Pokémon - Nommez toutes les formes d'Alola - Statistiques

Statistiques générales
  • Ce quiz a été pris 237 fois
  • Le résultat moyen est 16 sur 18
Statistiques - réponses
Type(s) Pokémon % Correct
Glace - Fée Feunard
95%
Glace Goupix
95%
Roche - Électrik Grolem
95%
Roche - Électrik Racaillou
95%
Roche - Électrik Gravalanch
94%
Ténèbres - Normal Rattata
93%
Ténèbres - Normal Rattatac
93%
Glace - Acier Sabelette
93%
Glace - Acier Sablaireau
93%
Ténèbres Miaouss
89%
Ténèbres Persian
89%
Électrik - Psy Raichu
89%
Feu - Spectre Ossatueur
88%
Plante - Dragon Noadkoko
87%
Poison - Ténèbres Grotadmorv
86%
Poison - Ténèbres Tadmorv
86%
Sol - Acier Triopikeur
83%
Sol - Acier Taupiqueur
82%
Aucun quiz correspondant
Distribution des résultats
% des personnes avec chaque résultat
Percentile par nombre de réponses
Votre historique - résultats
Vous n’avez pas pris ce quiz